Central Library OPAC University of Rajshahi

Rubber chemicals / (Record no. 72318)

MARC details
000 -LEADER
fixed length control field 00679nam a2200229 a 4500
001 - CONTROL NUMBER
control field 72318
003 - CONTROL NUMBER IDENTIFIER
rucl marc code BD-RjUL
005 - DATE AND TIME OF LATEST TRANSACTION
control field 20211209082239.0
008 - FIXED-LENGTH DATA ELEMENTS--GENERAL INFORMATION
fixed length control field 170516s1956 en 001 0 eng
035 ## - SYSTEM CONTROL NUMBER
System control number (BD-RjUL)72535
040 ## - CATALOGING SOURCE
Original cataloging agency DLC
Transcribing agency ODaWU
Modifying agency BD-RjUL
Language of cataloging eng
041 0# - LANGUAGE CODE
Language code of text/sound track or separate title eng ger
082 ## - DEWEY DECIMAL CLASSIFICATION NUMBER
Classification number 678.2
Edition number 23
Author mark and year ALR 1956
100 1# - MAIN ENTRY--PERSONAL NAME
Personal name Alphen, Jan van.
9 (RLIN) 213857
245 10 - TITLE STATEMENT
Title Rubber chemicals /
Statement of responsibility, etc. by J. van Alphen in cooperation with W. J. K. Schönlau and M. van den Tempel.
260 ## - PUBLICATION, DISTRIBUTION, ETC. (IMPRINT)
Place of publication, distribution, etc. New York :
Name of publisher, distributor, etc. Elsevier Pub. Co.,
Date of publication, distribution, etc. 1956.
300 ## - PHYSICAL DESCRIPTION
Pagination x, 164 p. ;
Size 24 cm.
500 ## - GENERAL NOTE
General note Includes index
650 #0 - SUBJECT ADDED ENTRY--TOPICAL TERM
Topical term or geographic name as entry element Rubber
General subdivision Analysis.
9 (RLIN) 213858
942 ## - ADDED ENTRY ELEMENTS (KOHA)
Source of classification or shelving scheme Dewey Decimal Classification
Koha item type Books
Holdings
Lost status Source of classification or shelving scheme Damaged status Not for loan Collection code Permanent Location Current Location Shelving location Date acquired Source of acquisition Cost, normal purchase price Total Checkouts Full call number Date last seen Copy number Koha item type
  Dewey Decimal Classification   Not For Loan Non-fiction Central Library, University of Rajshahi Central Library, University of Rajshahi Reading Room 18/09/1959 Publisher united 28.70   678.2 ALR 1956 16/05/2017 C-1 Books